Jaki to numer linii tramwajowej - Kraków - Statystyki

Ogólne statystyki
  • Ten quiz został rozwiązany 54 razy
  • Średni wynik to 6 z 6
Statystyki odpowiedzi
Wskazówka Linie % Poprawnych
Ma zmienioną trasę, przez remont naPlacu Wszystkich Świętych. 1,8,10,13,16,18,19,44,69
100%
Jeździ przez plac inwalidów. 4,8,14,24,64
98%
Przejeżdża przez Krowodrzą Górkę(lub ma tam przystanek końcowy). 3,5,18,50,69,75,78
96%
Kończy trasę na czerwonych makach. 11,17,18,52,62,71
93%
Jedzie na Jarzębiny. 1,5,71
93%
Jest linią zastępczą właśnie przezten remont. 71,76,78
93%
Nie znaleziono quizów pasujących do podanych kryteriów
Rozkład punktacji
Procent ludzi z każdym wynikiem
Percentyl według liczby udzielonych odpowiedzi
Twoja historia wyników
Nie rozwiązałeś tego quizu